| 000 | 00551nam a2200229Ia 4500 | ||
|---|---|---|---|
| 999 |
_c59085 _d59085 |
||
| 003 | 0100 | ||
| 005 | 20190924094124.0 | ||
| 008 | 130303s9999 xx 000 0 und d | ||
| 020 | _a0797413189 | ||
| 040 | _cARRUPELIB | ||
| 050 | _aPR9390.5A85 1994 | ||
| 100 |
_aZimbabwe Women Writers _948218 |
||
| 245 | _aAnthology | ||
| 245 | _bover 100 works | ||
| 260 | _aHarare | ||
| 260 | _bZimbabwe women writers | ||
| 260 | _c1994 | ||
| 300 | _axiii | ||
| 300 | _b 252p. 21cm. | ||
| 700 |
_aKitson, Norma ed _948219 |
||
| 942 |
_2lcc _cMONOGRAPH |
||